| 000 | 00480nam a2200157 i 4500 | ||
|---|---|---|---|
| 001 | 20264 | ||
| 003 | ES-MaACL | ||
| 005 | 20230906152251.0 | ||
| 007 | t| | ||
| 008 | 021108s1935 bo ||||1| spa d | ||
| 100 | 1 |
_aAguirre Acha, José. _918849 |
|
| 245 | 1 | 0 |
_aBolpedra _b: frontera tripartita inestable entre Bolivia, Perú y Brasil / _cJosé Aguirre Acha. |
| 260 |
_aLa Paz (Bolivia) : _b[s.n., _c1935] ( _fImp. Renacimiento) |
||
| 300 | _a19 p. | ||
| 852 |
_aES-MaACL _j1823-F-10 |
||
| 999 |
_c20264 _d20264 |
||